[Event "St. Petersburg-ch 2021"]
[Site "St. Petersburg"]
[Date "2021.03.31"]
[Round "7.1"]
[White "Goganov, Aleksey"]
[Black "Epishin, Vladimir"]
[Result "1/2-1/2"]
[WhiteElo "2575"]
[BlackElo "2527"]
[Annotator "ChessBase"]
[PlyCount "81"]
[EventDate "2021.03.25"]
[EventType "swiss"]
[EventCountry "RUS"]
[SourceTitle "playchess.com"]
[Source "ChessBase"]
[SourceQuality "1"]
[TimeControl "40/5400+30:1800+30"]

1. e4 {[%emt 0:00:00]} e6 {[%emt 0:00:00]} 2. d4 {[%emt 0:00:00]} d5 {[%emt 0:00:00]} 3. Nc3 {[%emt 0:00:00]} dxe4 {[%emt 0:00:00]} 4. Nxe4 {[%emt 0:00:00]} Bd7 {[%emt 0:00:06]} 5. Nf3 {[%emt 0:00:00]} Bc6 {[%emt 0:00:05]} 6. Bd3 {[%emt 0:00:07]} Nd7 {[%emt 0:00:06]} 7. O-O {[%emt 0:09:35]} Ngf6 {[%emt 0:00:45]} 8. Ng3 {[%emt 0:00:14]} Be7 {[%emt 0:04:36]} 9. b3 {[%emt 0:05:49]} O-O {[%emt 0:07:44]} 10. c4 {[%emt 0:01:08]} Bxf3 {[%emt 0:08:20]} 11. Qxf3 {[%emt 0:00:20]} c5 {[%emt 0:06:36]} 12. Bb2 {[%emt 0:01:25]} cxd4 {[%emt 0:00:18]} 13. Bxd4 {[%emt 0:00:06]} Qc7 {[%emt 0:00:30]} 14. Rfe1 {[%emt 0:10:48]} Rfd8 {[%emt 0:00:52]} 15. Bb2 {[%emt 0:02:07]} Nf8 {[%emt 0:02:03]} 16. Rad1 {[%emt 0:06:08]} Rd7 {[%emt 0:01:03]} 17. Bb1 {[%emt 0:04:55]} Rad8 {[%emt 0:02:34]} 18. Rxd7 {[%emt 0:02:31]} Rxd7 {[%emt 0:00:33]} 19. Nf1 {[%emt 0:08:45]} b6 {[%emt 0:04:40]} 20. Rd1 {[%emt 0:00:59]} Rxd1 {[%emt 0:04:35]} 21. Qxd1 {[%emt 0:00:04]} N8d7 {[%emt 0:00:10]} 22. Nd2 {[%emt 0:02:19]} Bc5 {[%emt 0:09:44]} 23. Qe2 {[%emt 0:00:14]} Qd6 {[%emt 0:01:02]} 24. g3 {[%emt 0:02:06]} h5 {[%emt 0:05:23]} 25. Qd3 {[%emt 0:01:54]} Qxd3 {[%emt 0:00:56]} 26. Bxd3 {[%emt 0:00:04]} Kf8 {[%emt 0:00:40]} 27. h3 {[%emt 0:01:03]} g6 {[%emt 0:00:21]} 28. Kf1 {[%emt 0:00:55]} Ke7 {[%emt 0:00:18]} 29. Nf3 {[%emt 0:00:20]} a5 {[%emt 0:00:19]} 30. Bc2 {[%emt 0:07:27]} Nb8 {[%emt 0:01:56]} 31. Ne5 {[%emt 0:00:06]} Nfd7 {[%emt 0:00:29]} 32. Nd3 {[%emt 0:00:09]} Bd6 {[%emt 0:00:06]} 33. Kg2 {[%emt 0:04:50]} Na6 {[%emt 0:00:27]} 34. f3 {[%emt 0:00:31]} Nb4 {[%emt 0:01:58]} 35. Bb1 {[%emt 0:00:09]} Nxd3 {[%emt 0:00:09]} 36. Bxd3 {[%emt 0:00:04]} f5 {[%emt 0:01:22]} 37. Bc1 {[%emt 0:00:22]} Ne5 {[%emt 0:02:06]} 38. Bc2 {[%emt 0:01:46]} Nc6 {[%emt 0:00:05]} 39. g4 {[%emt 0:00:37]} hxg4 {[%emt 0:00:07]} 40. hxg4 {[%emt 0:00:00]} Bc5 {[%emt 0:00:00]} 41. Bg5+ {[%emt 0:00:30]} 1/2-1/2

[Event "St. Petersburg-ch 2021"]
[Site "St. Petersburg"]
[Date "2021.03.31"]
[Round "7.2"]
[White "Usmanov, Vasily"]
[Black "Alekseev, Evgeny"]
[Result "1/2-1/2"]
[WhiteElo "2447"]
[BlackElo "2619"]
[Annotator "TA"]
[PlyCount "51"]
[EventDate "2021.03.25"]
[EventType "swiss"]
[EventCountry "RUS"]
[SourceTitle "playchess.com"]
[Source "ChessBase"]
[SourceQuality "1"]

{[%evp 21,51,0,0,-6,0,0,0,0,0,1,8,12,0,18,16,0,0,0,0,0,0,0,0,0,0,0,0,0,0,0,0,0]} 1. d4 Nf6 2. c4 e6 3. g3 Bb4+ 4. Bd2 Be7 5. Bg2 d5 6. Nf3 O-O 7. O-O Nbd7 8. Qc2 c6 9. Rd1 b6 10. Bf4 Bb7 11. Nc3 dxc4 {The position is equal.} 12. Ne5 {E08: Closed Catalan: Main Line: 7 Qc2.} Nd5 13. Nxc4 Nxf4 14. gxf4 Qc7 15. e3 Rad8 16. Rac1 c5 {With the idea ...Bxg2.} 17. d5 exd5 18. Nxd5 Bxd5 19. Rxd5 b5 20. Ne5 Nxe5 21. Rxe5 Bd6 22. Rd5 Be7 {[#]} 23. Re5 $146 ({Predecessor:} 23. a4 a6 24. Rcd1 g6 25. axb5 axb5 26. b3 Rxd5 27. Rxd5 Rd8 28. Rxd8+ Qxd8 29. Bf1 Qd7 30. Qd3 Qxd3 31. Bxd3 b4 {½-½ (31) Swiercz,D (2654)-Ipatov,A (2665) Saint Louis 2018}) 23... Bd6 24. Rd5 Be7 25. Re5 Bd6 26. Rd5 {A rather calm draw.  Weighted Error Value: White=0.01/Black=0.01} 1/2-1/2

[Event "St. Petersburg-ch 2021"]
[Site "St. Petersburg"]
[Date "2021.03.31"]
[Round "7.3"]
[White "Shubin, Kirill"]
[Black "Levin, Evgeny A."]
[Result "1-0"]
[WhiteElo "2466"]
[BlackElo "2502"]
[Annotator "ChessBase"]
[PlyCount "87"]
[EventDate "2021.03.25"]
[EventType "swiss"]
[EventCountry "RUS"]
[SourceTitle "playchess.com"]
[Source "ChessBase"]
[SourceQuality "1"]
[TimeControl "40/5400+30:1800+30"]

1. e4 {[%emt 0:00:00]} e6 {[%emt 0:06:19]} 2. d4 {[%emt 0:00:00]} d5 {[%emt 0:00:05]} 3. Nc3 {[%emt 0:00:00]} Nf6 {[%emt 0:00:06]} 4. Bg5 {[%emt 0:00:00]} dxe4 {[%emt 0:00:35]} 5. Nxe4 {[%emt 0:00:00]} Nbd7 {[%emt 0:00:05]} 6. Nf3 {[%emt 0:00:00]} h6 {[%emt 0:00:04]} 7. Nxf6+ {[%emt 0:00:00]} Nxf6 {[%emt 0:00:08]} 8. Be3 {[%emt 0:00:04]} Bd6 {[%emt 0:00:45]} 9. Bd3 {[%emt 0:02:30]} b6 {[%emt 0:01:10]} 10. Ne5 {[%emt 0:07:08]} O-O {[%emt 0:01:05]} 11. Qf3 {[%emt 0:03:34]} Nd5 {[%emt 0:00:36]} 12. Bd2 {[%emt 0:11:57]} Qh4 {[%emt 0:01:13]} 13. c4 {[%emt 0:10:56]} Nb4 {[%emt 0:17:52]} 14. Be4 {[%emt 0:18:28]} Rb8 {[%emt 0:18:55]} 15. g3 {[%emt 0:02:53]} Qd8 {[%emt 0:10:46]} 16. Qb3 {[%emt 0:13:26]} Bxe5 {[%emt 0:17:11]} 17. dxe5 {[%emt 0:00:24]} Qd4 {[%emt 0:02:44]} 18. f3 {[%emt 0:00:05]} Na6 {[%emt 0:00:24]} 19. Qc3 {[%emt 0:02:32]} Rd8 {[%emt 0:08:56]} 20. Qxd4 {[%emt 0:08:56]} Rxd4 {[%emt 0:00:05]} 21. b3 {[%emt 0:00:37]} Bb7 {[%emt 0:02:01]} 22. Bxb7 {[%emt 0:00:29]} Rxb7 {[%emt 0:00:03]} 23. O-O-O {[%emt 0:00:31]} c5 {[%emt 0:02:26]} 24. Bc3 {[%emt 0:01:04]} Rdd7 {[%emt 0:00:04]} 25. a3 {[%emt 0:01:11]} Kf8 {[%emt 0:00:12]} 26. Kc2 {[%emt 0:00:40]} Ke8 {[%emt 0:01:19]} 27. g4 {[%emt 0:00:57]} Nb8 {[%emt 0:01:29]} 28. h4 {[%emt 0:00:22]} Nc6 {[%emt 0:00:37]} 29. h5 {[%emt 0:00:30]} a6 {[%emt 0:01:16]} 30. f4 {[%emt 0:00:56]} Ne7 {[%emt 0:00:51]} 31. Rd6 {[%emt 0:02:44]} f5 {[%emt 0:03:51]} 32. g5 {[%emt 0:04:02]} Rxd6 {[%emt 0:01:38]} 33. exd6 {[%emt 0:00:03]} Nc6 {[%emt 0:01:02]} 34. gxh6 {[%emt 0:01:23]} gxh6 {[%emt 0:00:04]} 35. Rg1 {[%emt 0:00:07]} Rh7 {[%emt 0:00:41]} 36. Rg6 {[%emt 0:01:54]} Nd8 {[%emt 0:00:24]} 37. Rg8+ {[%emt 0:01:29]} Kd7 {[%emt 0:00:03]} 38. Be5 {[%emt 0:00:05]} a5 {[%emt 0:01:18]} 39. Kd3 {[%emt 0:01:15]} Nc6 {[%emt 0:00:12]} 40. Ra8 {[%emt 0:00:00]} Nxe5+ {[%emt 0:00:00]} 41. fxe5 {[%emt 0:00:16]} Kc6 {[%emt 0:00:51]} 42. Rc8+ {[%emt 0:00:16]} Kb7 {[%emt 0:00:03]} 43. Re8 {[%emt 0:00:11]} Kc6 {[%emt 0:00:06]} 44. Rxe6 {[%emt 0:38:05]} 1-0

[Event "St. Petersburg-ch 2021"]
[Site "St. Petersburg"]
[Date "2021.03.31"]
[Round "7.4"]
[White "Golikov, Daniil"]
[Black "Saveliev, Alexei"]
[Result "1/2-1/2"]
[WhiteElo "2229"]
[BlackElo "2358"]
[Annotator "NA"]
[PlyCount "69"]
[EventDate "2021.03.25"]
[EventType "swiss"]
[EventCountry "RUS"]
[SourceTitle "playchess.com"]
[Source "ChessBase"]
[SourceQuality "1"]
[TimeControl "40/5400+30:1800+30"]

1. d4 {[%emt 0:00:00]} Nf6 {[%emt 0:02:15]} 2. c4 {[%emt 0:00:00]} e6 {[%emt 0:00:02]} 3. Nc3 {[%emt 0:00:00]} Bb4 {[%emt 0:00:05]} 4. e3 {[%emt 0:00:00]} O-O {[%emt 0:01:16]} 5. Nge2 {[%emt 0:00:00]} d5 {[%emt 0:00:05]} 6. a3 {[%emt 0:00:00]} Be7 {[%emt 0:02:14]} 7. cxd5 {[%emt 0:00:01]} exd5 {[%emt 0:00:03]} 8. Nf4 {[%emt 0:00:04]} Re8 {[%emt 0:03:11]} 9. Bd3 {[%emt 0:01:19]} c6 {[%emt 0:06:30]} 10. O-O {[%emt 0:00:23]} Nbd7 {[%emt 0:00:16]} 11. f3 {[%emt 0:01:49]} Nf8 {[%emt 0:02:39]} 12. Bc2 {[%emt 0:01:04]} Ne6 {[%emt 0:04:39]} 13. Nxe6 {[%emt 0:00:15]} Bxe6 {[%emt 0:00:01]} 14. e4 {[%emt 0:00:33]} c5 {[%emt 0:01:08]} 15. Ba4 {[%emt 0:09:29]} cxd4 {[%emt 0:13:08]} 16. Nxd5 {[%emt 0:00:19]} Bxd5 {[%emt 0:00:44]} 17. exd5 {[%emt 0:24:15]} Rf8 {[%emt 0:03:04]} 18. Qxd4 {[%emt 0:00:40]} Qxd5 {[%emt 0:00:04]} 19. Qxd5 {[%emt 0:03:27]} Nxd5 {[%emt 0:00:02]} 20. Rd1 {[%emt 0:00:24]} Rfd8 {[%emt 0:02:53]} 21. Bb3 {[%emt 0:00:31]} Bc5+ {[%emt 0:00:04]} 22. Kf1 {[%emt 0:00:07]} Ne3+ {[%emt 0:00:08]} 23. Bxe3 {[%emt 0:00:04]} Bxe3 {[%emt 0:00:02]} 24. Rxd8+ {[%emt 0:00:06]} Rxd8 {[%emt 0:00:02]} 25. Re1 {[%emt 0:01:23]} Bc5 {[%emt 0:00:07]} 26. Rd1 {[%emt 0:00:09]} Rxd1+ {[%emt 0:00:05]} 27. Bxd1 {[%emt 0:00:04]} a5 {[%emt 0:00:04]} 28. a4 {[%emt 0:00:03]} b6 {[%emt 0:00:04]} 29. b3 {[%emt 0:00:02]} Bb4 {[%emt 0:00:04]} 30. Be2 {[%emt 0:00:04]} Bc5 {[%emt 0:00:02]} 31. Bd1 {[%emt 0:00:04]} Bb4 {[%emt 0:00:01]} 32. Be2 {[%emt 0:00:05]} Bc5 {[%emt 0:00:02]} 33. Bd1 {[%emt 0:00:03]} Bb4 {[%emt 0:00:02]} 34. Be2 {[%emt 0:00:04]} Bc5 {[%emt 0:00:05]} 35. Bd1 {[%emt 1:00:39]} 1/2-1/2

[Event "St. Petersburg-ch 2021"]
[Site "St. Petersburg"]
[Date "2021.03.31"]
[Round "7.5"]
[White "Palchun, Grigory"]
[Black "Askerov, Marat"]
[Result "0-1"]
[WhiteElo "2359"]
[BlackElo "2351"]
[Annotator "NA"]
[PlyCount "64"]
[EventDate "2021.03.25"]
[EventType "swiss"]
[EventCountry "RUS"]
[SourceTitle "playchess.com"]
[Source "ChessBase"]
[SourceQuality "1"]
[TimeControl "40/5400+30:1800+30"]

1. Nf3 {[%emt 0:00:00]} Nf6 {[%emt 0:00:00]} 2. e3 {[%emt 0:00:20]} e6 {[%emt 0:01:03]} 3. b3 {[%emt 0:00:14]} b6 {[%emt 0:01:28]} 4. Bb2 {[%emt 0:00:10]} Bb7 {[%emt 0:00:06]} 5. d4 {[%emt 0:00:25]} c5 {[%emt 0:00:33]} 6. Bd3 {[%emt 0:07:18]} Be7 {[%emt 0:04:02]} 7. O-O {[%emt 0:00:18]} O-O {[%emt 0:00:04]} 8. c4 {[%emt 0:02:32]} cxd4 {[%emt 0:06:15]} 9. exd4 {[%emt 0:00:40]} d5 {[%emt 0:00:16]} 10. Nc3 {[%emt 0:01:41]} Nc6 {[%emt 0:04:25]} 11. Rc1 {[%emt 0:02:57]} Rc8 {[%emt 0:00:48]} 12. Qe2 {[%emt 0:12:58]} Nb4 {[%emt 0:14:46]} 13. Bb1 {[%emt 0:32:08]} dxc4 {[%emt 0:00:40]} 14. bxc4 {[%emt 0:00:07]} Bxf3 {[%emt 0:01:06]} 15. gxf3 {[%emt 0:00:02]} Bd6 {[%emt 0:16:20]} 16. Kh1 {[%emt 0:07:59]} Bf4 {[%emt 0:05:16]} 17. Rcd1 {[%emt 0:00:49]} Nh5 {[%emt 0:07:43]} 18. Qe4 {[%emt 0:09:10]} f5 {[%emt 0:08:46]} 19. Qxe6+ {[%emt 0:00:03]} Kh8 {[%emt 0:00:04]} 20. Bxf5 {[%emt 0:16:49]} Rc6 {[%emt 0:05:19]} 21. Qe4 {[%emt 0:00:03]} Re8 {[%emt 0:02:19]} 22. Qb1 {[%emt 0:00:18]} Qh4 {[%emt 0:08:22]} 23. h3 {[%emt 0:00:12]} Ng3+ {[%emt 0:00:52]} 24. Kg2 {[%emt 0:01:50]} Rf8 {[%emt 0:05:18]} 25. Rfe1 {[%emt 0:00:42]} Rcf6 {[%emt 0:03:28]} 26. Be6 {[%emt 0:01:58]} Bd6 {[%emt 0:02:08]} 27. Ne4 {[%emt 0:00:30]} Rxf3 {[%emt 0:00:38]} 28. Nxd6 {[%emt 0:01:01]} Rxf2+ {[%emt 0:00:09]} 29. Kg1 {[%emt 0:00:16]} Ne2+ {[%emt 0:00:15]} 30. Kh1 {[%emt 0:00:06]} Rh2+ {[%emt 0:00:15]} 31. Kxh2 {[%emt 0:00:05]} Qf2+ {[%emt 0:00:03]} 32. Kh1 {[%emt 0:00:04]} Ng3# {[%emt 0:00:04]} 0-1

[Event "St. Petersburg-ch 2021"]
[Site "St. Petersburg"]
[Date "2021.03.31"]
[Round "7.6"]
[White "Lobanov, Sergei"]
[Black "Schekachikhin, Maksim"]
[Result "1-0"]
[WhiteElo "2516"]
[BlackElo "2417"]
[Annotator "TA"]
[PlyCount "117"]
[EventDate "2021.03.25"]
[EventType "swiss"]
[EventCountry "RUS"]
[SourceTitle "playchess.com"]
[Source "ChessBase"]
[SourceQuality "1"]

{[%evp 12,117,46,51,50,43,43,38,31,28,36,31,27,25,49,45,45,35,47,9,28,14,29,-14,0,-7,0,-4,52,48,58,50,51,41,163,22,22,22,20,27,19,7,7,6,37,27,34,32,25,25,108,101,113,43,145,143,142,137,130,150,170,160,141,141,219,218,196,167,192,139,186,183,183,186,185,179,186,186,186,193,186,193,584,521,508,502,490,488,472,362,460,457,856,0,0,0,856,800,756,723,1141,1141,1134,1098,1037,833,1134,958]} 1. e4 c5 2. Nf3 e6 3. d4 cxd4 4. Nxd4 Nf6 5. Nc3 Nc6 6. Ndb5 Bc5 7. Bf4 O-O {B45: Sicilian Four Knights.} 8. Bc7 Qe7 9. Bd6 $1 {[%cal Rd6e7]} Bxd6 {White is slightly better.} 10. Qxd6 Qd8 {10...Qd8 scores better than 10...Ne8.} 11. O-O-O a6 12. Nd4 Ne7 13. h4 b5 14. h5 {[#]} h6 $146 ({Predecessor:} 14... Ne8 15. Qb4 Bb7 16. h6 g6 17. a4 Nc6 18. Qc5 bxa4 19. Nxa4 Rc8 20. Kb1 Nb8 {½-½ (65) Sarana,A (2655)-Dreev,A (2662) Izhevsk 2019}) 15. Bd3 Bb7 16. g4 Nc8 17. Qg3 b4 $1 {[%cal Rb4c3]} 18. g5 $1 {[%cal Rg5h6]} hxg5 19. Qxg5 Nh7 (19... bxc3 20. Rdg1 $18) (19... Nd6 $11 20. Rhg1 Nfe8 21. Qxd8 Rxd8) 20. Qxd8 $14 Rxd8 21. Na4 d6 $1 22. Rdg1 Nf6 (22... Ne7 $1 $14) 23. f3 ({White must play} 23. h6 $18 g6 24. Nxe6 $1 {[%mdl 512]}) 23... Ne7 $11 24. Rg5 Nc6 25. Nxc6 Bxc6 26. Nb6 Rab8 27. Nc4 $36 {[%mdl 2048] Black is under pressure.} Bb5 28. Rhg1 Kf8 29. b3 Ke7 30. e5 dxe5 (30... Bxc4 $11 {keeps the balance.} 31. Bxc4 dxe5) 31. Nxe5 $16 {aiming for Bxb5.} Rd5 32. Bc4 (32. Bxb5 $16 Rbxb5 33. f4) 32... Rc5 {[#]} (32... Nh7 $1 $14) 33. Ng6+ $1 {[%mdl 576] Discovered Attack} Kd6 {And now ...Rxg5 would win.} 34. Rd1+ Nd5 35. Bxd5 Rxd5 36. Rdxd5+ exd5 {[%mdl 4096] Endgame KRB-KRN} 37. Nf4 Bc6 (37... Rg8 $16) 38. Rxg7 $18 Ke7 39. Kd2 Kf6 40. Rg4 ({White should try} 40. Rh7 $18) 40... Rh8 41. Ne2 a5 42. Rf4+ $1 Ke5 43. Rxf7 Rxh5 44. Ra7 Bb5 45. f4+ ({Resist} 45. Rxa5 $6 Bxe2 46. Kxe2 Kd4 $16) 45... Kd6 {...Rh2 is the strong threat.} 46. Rxa5 Kc5 {[#]} (46... Bxe2 {is more resistant.} 47. Kxe2 Rh2+ 48. Kd3 Rf2 49. Ra6+ Kc5) 47. Nd4 $1 {[%mdl 576] Deflection} Kxd4 48. Rxb5 {KR-KR} Rh2+ 49. Kc1 $1 {[%cal Rc1b2]} Kc3 {[%cal Rh2h1]} 50. Rc5+ Kd4 51. Rc8 Rf2 {[#]} (51... Ke3 $142 52. f5 Rh7) 52. Rf8 $2 (52. Kb2 $1 $18 Rxf4 53. a4) 52... Kc3 $1 $11 {[%cal Rf2f1]} 53. Rc8+ $2 {[%mdl 8192]} (53. Kd1 $11 Rd2+ 54. Ke1 Rxc2 55. Rc8+ Kd3 56. Rxc2 Kxc2 57. Kf2) 53... Kd4 $18 {[#]} 54. Kb2 $1 {White is clearly winning.} Rxf4 55. a3 bxa3+ 56. Kxa3 Rf3 57. Kb4 Rh3 58. Kb5 Rc3 59. Rc6 {Weighted Error Value: White=0.20/Black=0.31} ({Not} 59. Rxc3 Kxc3 60. Kc6 Kxc2 $11) 1-0

[Event "St. Petersburg-ch 2021"]
[Site "St. Petersburg"]
[Date "2021.04.01"]
[Round "8.2"]
[White "Alekseev, Evgeny"]
[Black "Golikov, Daniil"]
[Result "1-0"]
[WhiteElo "2619"]
[BlackElo "2229"]
[Annotator "TA"]
[PlyCount "131"]
[EventDate "2021.03.25"]
[EventType "swiss"]
[EventCountry "RUS"]
[SourceTitle "playchess.com"]
[Source "ChessBase"]
[SourceQuality "1"]

{[%evp 15,131,11,14,8,17,3,12,15,14,8,12,6,22,12,14,0,0,0,0,0,0,0,-6,-8,-10,-10,-22,-5,42,46,46,40,46,29,82,83,92,76,225,214,354,50,39,49,40,35,37,33,52,33,34,23,24,19,57,58,64,55,77,75,75,64,82,0,63,0,72,64,118,104,146,136,129,145,146,146,147,145,145,145,145,146,145,145,138,61,132,70,67,0,116,0,133,144,152,141,176,181,256,256,391,395,368,286,293,279,361,341,263,261,599,509,531,519,29971,29972,29997,73]} 1. e4 e6 2. d4 d5 3. Nc3 Nf6 4. e5 Nfd7 5. f4 c5 6. Nf3 Nc6 7. Be3 Be7 8. Qd2 O-O 9. Be2 {C11: French: Classical System: 4 e5 and 4 Bg5 dxe4.} b6 10. Nd1 cxd4 11. Nxd4 {The position is equal.} Nxd4 12. Bxd4 Nb8 13. O-O Nc6 14. Bf2 d4 15. Bf3 Qc7 {[#]} 16. Bxc6 $146 ({Predecessor:} 16. Bg3 Ba6 17. Nf2 Bxf1 18. Rxf1 Rac8 19. Be4 d3 20. c3 Bc5 21. Kh1 Bxf2 22. Bxf2 {0-1 (47) Steinberg,N (2466)-Sedlak,N (2518) Palic 2016}) 16... Qxc6 17. Bxd4 Ba6 18. Rf2 Rad8 19. c3 f6 20. exf6 Bxf6 21. Ne3 Bxd4 22. cxd4 Rd7 23. Re1 Bb7 24. f5 {fxe6 is the strong threat.} e5 (24... Rdf7 $11) 25. d5 $16 Qb5 {[%cal Rb7d5]} 26. Qc3 e4 (26... Bxd5 $16 27. Qxe5 Bc6 28. Qe6+ Rdf7) 27. f6 $18 Bxd5 (27... Qc5 {is a better defense.} 28. Qe5 gxf6 29. Rxf6 Rxf6 30. Qxf6 Rf7 31. Qg5+ Rg7) 28. Ref1 $2 (28. Rf5 $18) 28... Qc5 $14 29. Qxc5 bxc5 30. Rd1 Rfd8 $1 31. fxg7 {Hoping for Rf8+!} Kxg7 32. b3 Be6 33. Rxd7+ Rxd7 {[%mdl 4096] Endgame KRB-KRN} 34. Rc2 Rc7 35. Kf2 Kf6 36. Nc4 Bd5 37. Ke3 Ke6 38. Nb2 Kd6 39. Nc4+ Ke6 $1 40. Nb2 Kd6 $1 41. Na4 a6 (41... a5 $14) 42. Rd2 $16 Ke5 43. Nb6 $1 Be6 44. Nc4+ Bxc4 45. bxc4 {KR-KR} Rb7 46. g4 Ke6 47. Kxe4 Rb4 48. Rc2 Rb1 49. Kf4 Kf6 50. Kg3 (50. Rd2 $16) 50... Kg6 ({Black should try} 50... a5 $14) 51. Kh4 (51. h4 $16) 51... Rb4 $14 52. Kg3 Rb1 $1 53. Kf4 (53. h4 $16) 53... Rd1 (53... Kf6 $1 $11 {remains equal.}) 54. Re2 $1 $16 Rc1 55. Re4 Rc2 {[#]} 56. h4 $1 a5 (56... Rxa2 $142 57. h5+ Kf6) 57. a4 $18 Rc3 (57... Kf6 {was necessary.} 58. g5+ Kg6) 58. Ke5 Rd3 59. Rf4 Kg7 60. Ke6 Rd4 {[#]} 61. Kf5 {Black must now prevent Rxd4.} Rd2 62. Re4 Rc2 $2 (62... Rf2+ {is a better chance.} 63. Ke6 Ra2) 63. Re7+ Kg8 64. Kf6 {[%cal Re7e8]} h5 (64... Rf2+ $18 65. Ke6 Rf4) 65. g5 Rxc4 66. Re8+ {Weighted Error Value: White=0.20/Black=0.38} 1-0

[Event "St. Petersburg-ch 2021"]
[Site "St. Petersburg"]
[Date "2021.04.01"]
[Round "8.3"]
[White "Shubin, Kirill"]
[Black "Usmanov, Vasily"]
[Result "1-0"]
[WhiteElo "2466"]
[BlackElo "2447"]
[Annotator "TA"]
[PlyCount "91"]
[EventDate "2021.03.25"]
[EventType "swiss"]
[EventCountry "RUS"]
[SourceTitle "playchess.com"]
[Source "ChessBase"]
[SourceQuality "1"]

{[%evp 21,91,20,29,31,22,8,44,13,7,10,29,35,157,170,154,152,172,164,179,176,160,170,165,152,162,167,147,150,179,162,157,102,110,65,70,19,101,101,94,89,106,106,106,97,97,97,105,105,138,138,173,173,262,127,127,105,112,106,318,106,170,162,408,219,459,453,29962,29965,29978,29979,29977,5276]} 1. e4 e5 2. Nf3 Nf6 3. Nxe5 d6 4. Nf3 Nxe4 5. d4 d5 6. Bd3 Bd6 7. O-O O-O 8. c4 c6 9. Nc3 Nxc3 10. bxc3 dxc4 11. Bxc4 Bf5 12. Bg5 {C42: Petroff Defence: 3 Nxe5 and unusual White 3rd moves.} Qa5 13. d5 Qc5 {[#]} 14. Qb3 $146 {aiming for Be3.White is slightly better.} ({Predecessor:} 14. Bb3 cxd5 15. Be3 Qc7 16. Qxd5 Be6 17. Qh5 Bxb3 18. axb3 Qxc3 19. Bd4 Qc2 20. Rfc1 {½-½ (57) Karjakin,S (2752)-Esipenko,A (2686) Moscow 2020}) 14... b5 15. Be2 a6 16. Rfd1 {Strongly threatening Be3.} Be4 ({Black should play} 16... Re8 $14 17. Kf1 Qb6) 17. Be3 $16 Qa3 18. Ng5 $1 $36 {[%cal Rg5e4][%mdl 2048] White is in control.} Bxd5 19. c4 Qxb3 20. axb3 bxc4 21. bxc4 Be5 22. cxd5 Bxa1 23. Rxa1 h6 24. Nh3 cxd5 25. Bf3 Nc6 {[#]} 26. Bxd5 (26. Nf4 $142 $1) 26... Rac8 27. g4 Nb4 28. Bb3 (28. Bf3 $14) 28... Nc2 (28... Rc3 $11 29. Rb1 Nc2) 29. Bxc2 Rxc2 30. Rxa6 Rc4 31. Nf4 f5 32. h4 fxg4 33. Ng6 Re8 34. Kg2 Rce4 35. h5 Rb8 36. Ra7 Kh7 (36... Rbe8 $142 37. Rd7 g3 38. Kxg3 Rxe3+ 39. fxe3 Rxe3+ 40. Kg4 Rb3 41. Rd8+ Kf7) 37. Rd7 (37. Bc5 $18 {and White stays clearly on top.}) 37... Rb5 38. Nf4 Kg8 39. Kg3 Rg5 $2 (39... Rf5 $16 40. Kxg4 Rg5+ 41. Kf3 Re8) 40. Rc7 $2 (40. Bd4 $18 {is the precise move to win.}) 40... Kh7 (40... Rf5 $16 41. Rd7 (41. Kxg4 Rg5+ 42. Kf3 Re8 $16) 41... Kf8 42. Kxg4 Rf7) 41. Bd2 $18 {Bc3 is the strong threat.} Ree5 $2 (41... Rge5 {might work better.} 42. Bc3 (42. Kxg4 Re7 $16) 42... Re7) 42. Rd7 (42. Nd3 $142 Rxh5 43. Nxe5 Rxe5 44. Kxg4) 42... Re8 (42... Rb5 43. Bc3 Rb3) 43. Bc3 Rc8 (43... Rg8 $18 44. Bd4 Rb5) 44. Bf6 $1 {[%cal Rf6g5] White mates.} Rf8 45. Bxg5 hxg5 {[#]} 46. Nd3 {Weighted Error Value: White=0.25/Black=0.64} (46. Rxg7+ $142 $3 {[%mdl 512]} Kxg7 47. Ne6+ {[%mdl 64] Double Attack} Kh6 48. Nxf8 Kxh5 49. Ne6 Kg6 50. Kxg4 Kf6 51. Nxg5) 1-0

[Event "St. Petersburg-ch 2021"]
[Site "St. Petersburg"]
[Date "2021.04.01"]
[Round "8.4"]
[White "Epishin, Vladimir"]
[Black "Lobanov, Sergei"]
[Result "1/2-1/2"]
[WhiteElo "2527"]
[BlackElo "2516"]
[Annotator "TA"]
[PlyCount "89"]
[EventDate "2021.03.25"]
[EventType "swiss"]
[EventCountry "RUS"]
[SourceTitle "playchess.com"]
[Source "ChessBase"]
[SourceQuality "1"]

{[%evp 9,89,0,1,-4,4,4,5,7,0,-2,8,-2,33,29,28,23,23,23,31,22,39,33,27,16,44,33,31,31,41,35,41,42,65,29,23,21,62,58,117,103,109,78,68,83,76,67,87,67,75,0,67,65,65,0,179,174,162,168,171,170,171,152,148,115,130,8,8,8,8,0,0,0,4631,4631,1110,0,0,0,0,0,0,0]} 1. d4 Nf6 2. c4 e6 3. Nc3 Bb4 4. Bd2 O-O 5. Nf3 c5 6. a3 {E11: Bogo-Indian.} Bxc3 7. Bxc3 Ne4 8. Rc1 {[%cal Ba1c1,Bc1c3,Bc3e3][%mdl 32]} d6 9. g3 Nc6 10. Bg2 e5 (10... Qb6 {seems wilder.} 11. dxc5 dxc5 12. Qd3 Nxc3 13. Qxc3 Qc7) 11. dxe5 Nxc3 12. Rxc3 dxe5 {[#]} 13. Qxd8 $146 ({Predecessor:} 13. O-O Bg4 14. h3 Bxf3 15. Bxf3 Qxd1 16. Rxd1 Nd4 17. Kf1 Nxf3 18. Rxf3 Rfd8 19. Rfd3 {½-½ (56) Condie,M (2425)-Le Blancq,S (2410) London 1986}) 13... Rxd8 14. Ng5 h6 15. Bxc6 hxg5 16. Bd5 g4 17. Re3 Re8 18. Kd2 Kf8 19. b4 cxb4 $1 20. axb4 f6 21. Ra1 Be6 22. Rc3 Rad8 23. e4 $1 b5 (23... a6 $14) 24. Rxa7 $16 bxc4 25. Ra5 Bxd5 26. exd5 {[%mdl 4096] Endgame KRR-KRR} Rc8 27. Ke3 Ke7 28. Ke4 Rf8 29. Ra6 (29. Ra7+ $1 $16 Kd6 30. Ra6+ Kd7 31. b5) 29... Kd7 (29... Rfd8 $1 $11) 30. b5 $14 {aiming for Rc6.} Rc5 31. Rc6 (31. b6 $1 $14) 31... Rxb5 $2 (31... Rc8 $1 $11 {and Black has nothing to worry.}) 32. R3xc4 $18 {Rc7+ is the strong threat.} Rb7 33. Kf5 $1 Rh8 34. Rxg4 Rh5+ 35. Kg6 {[%mdl 64] Double Attack} Rxh2 36. Kxg7 Rxf2 {[#]} 37. Kf8 ({Of course not} 37. Rxf6 $6 Rxf6 38. Kxf6 Kd6 $11) ({White should play} 37. Ra4 $1 $16) 37... Rb8+ $11 38. Kf7 {Strongly threatening Rg7.} Rd2 $1 39. Rgc4 f5 40. R4c5 Rxd5 $2 {[%mdl 8192]} 41. Rc7+ $18 Kd8 {[#]} 42. Rxd5+ $2 (42. Rc8+ $1 $18 {[%mdl 512]} Rxc8 43. Rxd5+ Kc7 44. Rxe5) 42... Kxc7 $11 {The position is equal.} 43. Rxe5 Rb3 44. Rxf5 {Hoping for g4.} Rxg3 45. Rf4 {Weighted Error Value: White=0.23/Black=0.16} 1/2-1/2